[Event "I Memorial Oliver Gonzalez Somoza"]
[Site "Madrid ESP"]
[Date "2010.10.14"]
[Round "6.22"]
[White "Gallardo Garcia, Andres"]
[Black "Collado Barbas, Laura"]
[Result "1-0"]
[WhiteElo "2373"]
[BlackElo "2058"]
[PlyCount "69"]
[EventDate "2010.10.09"]
[EventType "swiss"]
[EventRounds "9"]
[EventCountry "ESP"]
[Source "lmi"]
[SourceDate "2010.10.09"]

1. e4 e6 2. d4 d5 3. Nc3 Bb4 4. e5 b6 5. a3 Bf8 6. Nf3 Qd7 7. b4 Nc6 8. Bd3 Bb7
9. O-O O-O-O 10. Qe2 Nge7 11. b5 Na5 12. Nd1 Nc4 13. a4 Ng6 14. Ne3 Nf4 15. Qd1
Nxd3 16. cxd3 Nxe3 17. fxe3 f5 18. Qb3 Rg8 19. a5 g5 20. axb6 cxb6 21. Rxa7 Kb8
22. Ra2 g4 23. Ne1 Rc8 24. Bd2 Kc7 25. Bb4 Bxb4 26. Qxb4 Kd8 27. Ra7 Rc7 28. g3
Ke8 29. Ng2 Kf7 30. Nf4 Rgc8 31. h3 gxh3 32. Kh2 Rc2+ 33. Kxh3 Kg8 34. Qd6 Qxd6
35. exd6 1-0

[Event "I Memorial Oliver Gonzalez Somoza"]
[Site "Madrid ESP"]
[Date "2010.10.14"]
[Round "6.23"]
[White "Garcia Galeote, Lorenzo"]
[Black "Cueto, Johnny"]
[Result "0-1"]
[WhiteElo "2040"]
[BlackElo "2301"]
[PlyCount "78"]
[EventDate "2010.10.09"]
[EventType "swiss"]
[EventRounds "9"]
[EventCountry "ESP"]
[Source "lmi"]
[SourceDate "2010.10.09"]

1. Nf3 Nf6 2. g3 d6 3. Bg2 e5 4. d3 Be7 5. O-O O-O 6. c4 c6 7. Nc3 h6 8. Rb1 a5
9. a3 Be6 10. b4 axb4 11. axb4 Qc8 12. Re1 Bh3 13. Bh1 Qg4 14. Nd2 Qg6 15. Nf1
h5 16. Ne4 Nh7 17. c5 d5 18. Nc3 h4 19. e3 f5 20. Nxd5 cxd5 21. Bxd5+ Kh8 22.
Bxb7 Ra7 23. Bg2 Bxg2 24. Kxg2 e4 25. d4 Ng5 26. Nd2 Qh6 27. f4 hxg3 28. h4 Nh3
29. h5 Nf2 30. Qe2 Nd3 31. Rf1 Ra2 32. b5 g5 33. Rb3 gxf4 34. exf4 Nxf4+ 35.
Rxf4 Qxf4 36. Bb2 Rg8 37. d5+ Rxb2 38. Rxb2 Bxc5 39. Rc2 Qf2+ 0-1

[Event "I Memorial Oliver Gonzalez Somoza"]
[Site "Madrid ESP"]
[Date "2010.10.14"]
[Round "6.24"]
[White "Lara Granero, Bio"]
[Black "Rios Parra, Alejandro"]
[Result "0-1"]
[WhiteElo "2036"]
[BlackElo "2299"]
[PlyCount "56"]
[EventDate "2010.10.09"]
[EventType "swiss"]
[EventRounds "9"]
[EventCountry "ESP"]
[Source "lmi"]
[SourceDate "2010.10.09"]

1. e4 d5 2. Nc3 dxe4 3. Nxe4 Nf6 4. d3 Nc6 5. Nf3 Bf5 6. Ng3 Bg6 7. Be2 Qd7 8.
Bf4 Nd5 9. Qd2 f6 10. O-O e5 11. Be3 O-O-O 12. h3 h5 13. Nh4 Bf7 14. Ne4 g5 15.
Nf3 g4 16. Nh4 f5 17. Nc5 Bxc5 18. Bxc5 b6 19. Ba3 Nf4 20. Rfe1 Rdg8 21. Bf1
Bd5 22. g3 gxh3 23. Kh2 Ng6 24. Nxf5 Bg2 25. Ne3 Nd4 26. Be2 e4 27. Nxg2 hxg2
28. Kxg2 Nh4+ 0-1

[Event "I Memorial Oliver Gonzalez Somoza"]
[Site "Madrid ESP"]
[Date "2010.10.14"]
[Round "6.25"]
[White "Ballesteros Gonzalez, David"]
[Black "Cerrato Torrijos, Maria"]
[Result "1-0"]
[WhiteElo "2196"]
[BlackElo "2055"]
[PlyCount "53"]
[EventDate "2010.10.09"]
[EventType "swiss"]
[EventRounds "9"]
[EventCountry "ESP"]
[Source "lmi"]
[SourceDate "2010.10.09"]

1. d4 Nf6 2. c4 e6 3. Nf3 c5 4. d5 b5 5. Bg5 exd5 6. cxd5 d6 7. e4 a6 8. a4 Be7
9. axb5 Nxe4 10. Bxe7 Qxe7 11. Be2 O-O 12. O-O Nf6 13. Re1 Qc7 14. Nc3 Bb7 15.
Bc4 a5 16. Qd3 Nbd7 17. Re7 Rae8 18. Rae1 Qd8 19. R7e2 Nb6 20. b3 Qa8 21. Ng5
Rxe2 22. Rxe2 h6 23. Nge4 Nfxd5 24. Nxd5 Nxd5 25. Qg3 Kh8 26. Nxd6 Nc3 27. Qxc3
1-0

[Event "I Memorial Oliver Gonzalez Somoza"]
[Site "Madrid ESP"]
[Date "2010.10.14"]
[Round "6.27"]
[White "Ramos Aldoradin, John Paul"]
[Black "Cabañas Bravo, Juan Andres"]
[Result "1/2-1/2"]
[WhiteElo "2126"]
[BlackElo "2049"]
[PlyCount "58"]
[EventDate "2010.10.09"]
[EventType "swiss"]
[EventRounds "9"]
[EventCountry "ESP"]
[Source "lmi"]
[SourceDate "2010.10.09"]

1. e4 e5 2. Nf3 Nc6 3. Bc4 Bc5 4. c3 Nf6 5. d3 a6 6. Bb3 Ba7 7. O-O O-O 8. Be3
d6 9. Nbd2 Ne7 10. Nh4 Bg4 11. Qe1 Qc8 12. Bxa7 Rxa7 13. f4 exf4 14. Rxf4 b5
15. Qf2 c5 16. Rf1 Be6 17. Rxf6 Bxb3 18. axb3 gxf6 19. Nf5 Nxf5 20. exf5 Kh8
21. Qh4 Qd8 22. Rf3 Rg8 23. Rh3 Rg7 24. Ne4 Qa8 25. Qxf6 d5 26. Rg3 Qf8 27.
Rxg7 Qxg7 28. Qd8+ Qg8 29. Qf6+ Qg7 1/2-1/2

[Event "I Memorial Oliver Gonzalez Somoza"]
[Site "Madrid ESP"]
[Date "2010.10.14"]
[Round "6.29"]
[White "Cuadrado Lopez, Francisco Javier"]
[Black "Blanco Sanchez, Jose Fernando"]
[Result "1/2-1/2"]
[WhiteElo "1971"]
[BlackElo "2123"]
[PlyCount "93"]
[EventDate "2010.10.09"]
[EventType "swiss"]
[EventRounds "9"]
[EventCountry "ESP"]
[Source "lmi"]
[SourceDate "2010.10.09"]

1. e4 e5 2. Nf3 Nc6 3. Bc4 Nf6 4. d3 Be7 5. O-O d6 6. h3 h6 7. c3 Nh7 8. Re1
O-O 9. Nbd2 Ng5 10. Nf1 Nxf3+ 11. Qxf3 Bg5 12. Ne3 Ne7 13. d4 Ng6 14. Nf5 Kh7
15. g3 Bxc1 16. Raxc1 Qf6 17. Qd3 c6 18. Bb3 a5 19. Bc2 Rd8 20. h4 b6 21. Re3
Ba6 22. Qd1 Ne7 23. dxe5 dxe5 24. Qe1 g6 25. Nxe7 Qxe7 26. Rf3 Rd6 27. Bb3 f6
28. Qe3 Rd3 29. Qe2 Rxc3 30. Rfxc3 Bxe2 31. Rxc6 Rd8 32. Bd5 Qd7 33. Rc7 Kg7
34. f4 Bg4 35. Kf2 Rc8 36. Rxd7+ Bxd7 37. Rxc8 Bxc8 38. Ke3 Kf8 39. Kd2 Ke7 40.
Kc3 Kd6 41. b4 f5 42. bxa5 bxa5 43. Bf7 Be6 44. Bxe6 exf4 45. gxf4 Kxe6 46. e5
Kd5 47. Kd2 1/2-1/2

[Event "I Memorial Oliver Gonzalez Somoza"]
[Site "Madrid ESP"]
[Date "2010.10.14"]
[Round "6.30"]
[White "Hernandez Yañez, Javier"]
[Black "Garcia Diaz, Victor Manuel"]
[Result "1-0"]
[WhiteElo "1955"]
[BlackElo "2108"]
[PlyCount "115"]
[EventDate "2010.10.09"]
[EventType "swiss"]
[EventRounds "9"]
[EventCountry "ESP"]
[Source "lmi"]
[SourceDate "2010.10.09"]

1. d4 Nf6 2. Nf3 e6 3. Bf4 b6 4. e3 Bb7 5. Bd3 Be7 6. Nbd2 c5 7. c3 d6 8. h3
Nbd7 9. O-O Nd5 10. Bh2 g5 11. c4 Nb4 12. Be4 d5 13. cxd5 Nxd5 14. Ne5 N7f6 15.
Qa4+ Kf8 16. Bf3 h5 17. e4 Nf4 18. d5 exd5 19. Bxf4 gxf4 20. exd5 Bxd5 21. Qxf4
Be6 22. Bxa8 Qxa8 23. Ndf3 Rg8 24. Kh2 Bd5 25. Rad1 Bxa2 26. Rfe1 Be6 27. Rd3
b5 28. g3 c4 29. Rde3 Rg7 30. Nd4 Kg8 31. Nxe6 fxe6 32. Qf3 Qd5 33. Rd1 Qxf3
34. Nxf3 Kf7 35. Ne5+ Kg8 36. Nc6 Kf7 37. Nxe7 Kxe7 38. Rde1 Nd5 39. Rxe6+ Kd7
40. Ra6 Kd8 41. Re5 Rd7 42. Rxh5 b4 43. Rh8+ Ke7 44. Rh7+ Kd8 45. Rxd7+ Kxd7
46. Rxa7+ Kc6 47. h4 b3 48. Ra1 Nf6 49. f3 Kd5 50. Kg2 Kd4 51. Kf2 Kd3 52. Rc1
Nd5 53. Rd1+ Kc2 54. Rxd5 Kxb2 55. h5 c3 56. h6 c2 57. h7 Kb1 58. h8=Q 1-0

[Event "I Memorial Oliver Gonzalez Somoza"]
[Site "Madrid ESP"]
[Date "2010.10.14"]
[Round "6.31"]
[White "Cortes Jurado, Rafael"]
[Black "Rodriguez Dorado, Victor Manuel"]
[Result "1-0"]
[WhiteElo "2083"]
[BlackElo "1923"]
[PlyCount "71"]
[EventDate "2010.10.09"]
[EventType "swiss"]
[EventRounds "9"]
[EventCountry "ESP"]
[Source "lmi"]
[SourceDate "2010.10.09"]

1. d4 Nf6 2. Nf3 g6 3. c4 Bg7 4. g3 O-O 5. Bg2 d6 6. O-O c5 7. Nc3 Nc6 8. d5
Na5 9. Nd2 a6 10. Qc2 Rb8 11. b3 b5 12. cxb5 axb5 13. Bb2 Ba6 14. Rfe1 Ng4 15.
Nce4 Bh6 16. f4 b4 17. e3 f5 18. h3 Nf6 19. Nxf6+ exf6 20. e4 Qb6 21. Kh2 g5
22. fxg5 Bxg5 23. exf5 c4 24. Nxc4 Qc5 25. h4 Bh6 26. Re4 Rb7 27. Rae1 Nxc4 28.
bxc4 Rff7 29. Qe2 Bf8 30. Rg4+ Kh8 31. Qe6 Bg7 32. Bxf6 h5 33. Bxg7+ Rxg7 34.
Qh6+ Kg8 35. Re8+ Kf7 36. Qe6# 1-0

[Event "I Memorial Oliver Gonzalez Somoza"]
[Site "Madrid ESP"]
[Date "2010.10.14"]
[Round "6.33"]
[White "Marcos Herrero, Francisco"]
[Black "Estrada Martinez, Cesar"]
[Result "0-1"]
[WhiteElo "1880"]
[BlackElo "2211"]
[PlyCount "66"]
[EventDate "2010.10.09"]
[EventType "swiss"]
[EventRounds "9"]
[EventCountry "ESP"]
[Source "lmi"]
[SourceDate "2010.10.09"]

1. d4 Nf6 2. Nf3 g6 3. g3 Bg7 4. Bg2 O-O 5. O-O d5 6. Ne5 c6 7. c4 e6 8. b3
Nbd7 9. Ba3 Re8 10. f4 Qc7 11. Nc3 Qa5 12. Bb2 c5 13. cxd5 cxd4 14. Nc4 Qa6 15.
dxe6 dxc3 16. exd7 Nxd7 17. Ba3 Nf6 18. Bb4 Bg4 19. Bf3 Rad8 20. Qc2 Bxf3 21.
exf3 Nd5 22. a3 b5 23. Ne5 Qb6+ 24. Qf2 Nxb4 25. axb4 Rd2 26. Qc5 f6 27. Ng4
Ree2 28. Nf2 f5 29. Rxa7 Qxc5 30. bxc5 c2 31. c6 Rxf2 32. Re1 Rg2+ 33. Kh1
Rxh2+ 0-1

[Event "I Memorial Oliver Gonzalez Somoza"]
[Site "Madrid ESP"]
[Date "2010.10.14"]
[Round "6.34"]
[White "Vidaurre, Luis"]
[Black "Mansilla Tolosa, Luis E"]
[Result "1/2-1/2"]
[WhiteElo "1860"]
[BlackElo "2107"]
[PlyCount "48"]
[EventDate "2010.10.09"]
[EventType "swiss"]
[EventRounds "9"]
[EventCountry "ESP"]
[Source "lmi"]
[SourceDate "2010.10.09"]

1. d4 Nf6 2. Nf3 e6 3. Bf4 d5 4. e3 Bd6 5. Bxd6 Qxd6 6. Nbd2 O-O 7. Bd3 c5 8.
c4 cxd4 9. Nxd4 Nc6 10. Nxc6 bxc6 11. O-O e5 12. Rc1 Bg4 13. f3 Bh5 14. g4 Bg6
15. Bxg6 hxg6 16. Qe2 Rab8 17. b3 g5 18. Rfd1 d4 19. c5 Qd5 20. Nf1 Rb5 21.
exd4 exd4 22. Rc4 Rxc5 23. Rdxd4 Qe5 24. Qxe5 Rxe5 1/2-1/2

[Event "I Memorial Oliver Gonzalez Somoza"]
[Site "Madrid ESP"]
[Date "2010.10.14"]
[Round "6.36"]
[White "Gomez Gonzalez, Javier"]
[Black "Nieto Esteban, Manuel"]
[Result "1/2-1/2"]
[WhiteElo "2016"]
[BlackElo "1823"]
[PlyCount "121"]
[EventDate "2010.10.09"]
[EventType "swiss"]
[EventRounds "9"]
[EventCountry "ESP"]
[Source "lmi"]
[SourceDate "2010.10.09"]

1. e4 e5 2. Nf3 Nc6 3. Bb5 a6 4. Ba4 Nf6 5. O-O Nxe4 6. d4 b5 7. Bb3 d5 8. dxe5
Be6 9. c3 Be7 10. Be3 O-O 11. Nbd2 Nxd2 12. Qxd2 Na5 13. Nd4 c5 14. Nxe6 fxe6
15. Bc2 Nc4 16. Qd3 g6 17. Bh6 Rf7 18. b3 Nxe5 19. Qe2 Bf6 20. f4 Nc6 21. Qxe6
Qd7 22. Qxd7 Rxd7 23. Rf3 b4 24. f5 Bxc3 25. Raf1 Nd4 26. R3f2 Nxc2 27. Rxc2
gxf5 28. Rxf5 Bd4+ 29. Kf1 Rf7 30. Rxf7 Kxf7 31. Ke2 Kg6 32. Bf4 Rf8 33. g3 h5
34. Kd3 Re8 35. Rc1 Kf5 36. Rf1 Kg6 37. Bd2 Bf6 38. Rc1 Be7 39. Re1 Kf7 40. Re5
Rd8 41. Rxh5 c4+ 42. bxc4 dxc4+ 43. Kc2 Rd3 44. Rh7+ Kf8 45. Rh8+ Kf7 46. Rc8
Ra3 47. Rxc4 Rxa2+ 48. Kd3 b3 49. Rc7 Ke6 50. Rb7 b2 51. Bc3 b1=Q+ 52. Rxb1
Rxh2 53. Rb6+ Kd7 54. Rxa6 Rh3 55. Be5 Bh4 56. Rg6 Ke8 57. Ke4 Bxg3 58. Bxg3
Kf7 59. Kf5 Rh5+ 60. Rg5 Rxg5+ 61. Kxg5 1/2-1/2

[Event "I Memorial Oliver Gonzalez Somoza"]
[Site "Madrid ESP"]
[Date "2010.10.14"]
[Round "6.38"]
[White "Gonzalo Gonzalez, Francisco"]
[Black "Alonso Garuti, Luis E"]
[Result "0-1"]
[WhiteElo "1784"]
[BlackElo "1957"]
[PlyCount "92"]
[EventDate "2010.10.09"]
[EventType "swiss"]
[EventRounds "9"]
[EventCountry "ESP"]
[Source "lmi"]
[SourceDate "2010.10.09"]

1. e4 c5 2. Nf3 Nc6 3. c3 d5 4. exd5 Qxd5 5. d3 Bf5 6. Be2 Rd8 7. c4 Qd7 8. O-O
Bxd3 9. Nc3 Bxe2 10. Qxe2 Nd4 11. Nxd4 cxd4 12. Nd5 Nf6 13. Rd1 Nxd5 14. Rxd4
Qc6 15. cxd5 Rxd5 16. Rxd5 Qxd5 17. Be3 a6 18. Rd1 Qxa2 19. Qd3 f6 20. Qd7+ Kf7
21. Qxb7 h5 22. b3 h4 23. Bc5 Rh5 24. Qb6 Qc2 25. Re1 Qxc5 26. Qxa6 Qb5 27.
Qe6+ Kg6 28. Re4 Qd5 29. Rg4+ Kh7 30. Qe2 Qf5 31. h3 e6 32. Re4 Bd6 33. Rxe6
Qb1+ 34. Qe1 Qxe1+ 35. Rxe1 Rb5 36. Re3 Re5 37. Rxe5 Bxe5 38. b4 Kg6 39. Kf1
Kf5 40. Ke2 Ke4 41. b5 f5 42. b6 Kd5 43. Kf3 Kc6 44. g4 g6 45. Ke3 fxg4 46. f3
Kxb6 0-1

[Event "I Memorial Oliver Gonzalez Somoza"]
[Site "Madrid ESP"]
[Date "2010.10.14"]
[Round "6.40"]
[White "Franco Rincon, David"]
[Black "Rasskin Friederichs, Ivan"]
[Result "0-1"]
[WhiteElo "1770"]
[BlackElo "1905"]
[PlyCount "114"]
[EventDate "2010.10.09"]
[EventType "swiss"]
[EventRounds "9"]
[EventCountry "ESP"]
[Source "lmi"]
[SourceDate "2010.10.09"]

1. e4 e6 2. d4 d5 3. exd5 exd5 4. Bd3 Bd6 5. c3 Nc6 6. Nf3 Nge7 7. O-O Bg4 8.
Bg5 f6 9. Bh4 g5 10. Bg3 h5 11. Re1 h4 12. Bg6+ Kf8 13. Bxd6 Qxd6 14. Bd3 Bh5
15. Be2 Ng6 16. Ne5 Bxe2 17. Nxg6+ Kg7 18. Rxe2 Kxg6 19. Qd3+ Kg7 20. Nd2 Rae8
21. Rae1 Rxe2 22. Qxe2 Rd8 23. Nf1 Rd7 24. Ne3 Qf4 25. Qg4 Qxg4 26. Nxg4 Re7
27. Kf1 Rxe1+ 28. Kxe1 f5 29. Ne3 Ne7 30. f3 c6 31. Ke2 Kf6 32. Kd3 Ke6 33. b3
b5 34. a3 Nc8 35. c4 dxc4+ 36. bxc4 Nb6 37. d5+ cxd5 38. cxb5 Ke5 39. Nc2 Nc4
40. Kc3 f4 41. Nd4 Nxa3 42. Nc6+ Kd6 43. Nxa7 Kc5 44. Nc8 Nxb5+ 45. Kd3 Nd6 46.
Ne7 Nc4 47. Nf5 Ne5+ 48. Kc3 h3 49. gxh3 Nxf3 50. Kd3 Nxh2 51. Nd4 Kd6 52. Ke2
Ke5 53. Nc2 Ke4 54. Kf2 Nf3 55. Nb4 Ne5 56. Nc2 d4 57. Ne1 Nd3+ 0-1

[Event "I Memorial Oliver Gonzalez Somoza"]
[Site "Madrid ESP"]
[Date "2010.10.14"]
[Round "6.41"]
[White "Sierra Soria, Maria"]
[Black "Alvarez Escudero, Manuel"]
[Result "1/2-1/2"]
[WhiteElo "1743"]
[BlackElo "1884"]
[PlyCount "100"]
[EventDate "2010.10.09"]
[EventType "swiss"]
[EventRounds "9"]
[EventCountry "ESP"]
[Source "lmi"]
[SourceDate "2010.10.09"]

1. e4 e5 2. Nf3 Nc6 3. Bb5 d6 4. d4 exd4 5. Qxd4 Bd7 6. Bxc6 Bxc6 7. Nc3 Nf6 8.
Bg5 Be7 9. O-O-O O-O 10. Rhe1 Nd7 11. Bxe7 Qxe7 12. Nd5 Qd8 13. Kb1 Re8 14. h4
Ne5 15. Nxe5 dxe5 16. Qc4 Bxd5 17. exd5 Qd6 18. Rd3 Rad8 19. Qa4 a6 20. f4 b5
21. Qe4 f6 22. f5 Re7 23. g4 Qc5 24. Rd2 Red7 25. Red1 a5 26. Qd3 Rd6 27. g5 c6
28. gxf6 Rxf6 29. Qe4 cxd5 30. Qxe5 Qd6 31. Qxd5+ Qxd5 32. Rxd5 Rxd5 33. Rxd5
g6 34. Kc1 Rxf5 35. Rxf5 gxf5 36. Kd2 Kf7 37. Ke3 Ke6 38. Kf4 h5 39. c3 a4 40.
b3 a3 41. c4 bxc4 42. bxc4 Kd6 43. Kxf5 Kc5 44. Kg5 Kxc4 45. Kxh5 Kc3 46. Kg6
Kb2 47. h5 Kxa2 48. h6 Kb1 49. h7 a2 50. h8=Q a1=Q 1/2-1/2

[Event "I Memorial Oliver Gonzalez Somoza"]
[Site "Madrid ESP"]
[Date "2010.10.14"]
[Round "6.43"]
[White "Vazquez Torres, Adrian"]
[Black "Molina Garcia, Francisco J"]
[Result "1-0"]
[WhiteElo "2160"]
[BlackElo "1861"]
[PlyCount "49"]
[EventDate "2010.10.09"]
[EventType "swiss"]
[EventRounds "9"]
[EventCountry "ESP"]
[Source "lmi"]
[SourceDate "2010.10.09"]

1. e4 c5 2. Nf3 d6 3. d4 cxd4 4. Nxd4 Nf6 5. Nc3 g6 6. f4 Nc6 7. Nf3 Bg7 8. Bd3
O-O 9. O-O Bd7 10. Qe1 Qa5 11. f5 Rac8 12. Qh4 Rfe8 13. Kh1 Ne5 14. Bh6 Nxf3
15. Rxf3 Qe5 16. Raf1 Bh8 17. Bf4 Qd4 18. Be3 Qe5 19. Rh3 Nh5 20. Nd5 Kf8 21.
g4 Nf6 22. Bh6+ Kg8 23. Bf4 Qxb2 24. Nxf6+ Bxf6 25. Qxh7+ 1-0

[Event "I Memorial Oliver Gonzalez Somoza"]
[Site "Madrid ESP"]
[Date "2010.10.14"]
[Round "6.44"]
[White "Cabañas Jimenez, Manuel"]
[Black "Merino Araguas, Jose Javier"]
[Result "1-0"]
[WhiteElo "2141"]
[BlackElo "1834"]
[PlyCount "77"]
[EventDate "2010.10.09"]
[EventType "swiss"]
[EventRounds "9"]
[EventCountry "ESP"]
[Source "lmi"]
[SourceDate "2010.10.09"]

1. e4 e6 2. d4 d5 3. Nc3 Nf6 4. Bg5 dxe4 5. Nxe4 Be7 6. Bxf6 Bxf6 7. Nf3 O-O 8.
c3 Nd7 9. Qc2 e5 10. O-O-O exd4 11. Nxf6+ Qxf6 12. Rxd4 Nc5 13. Rd5 b6 14. b4
Be6 15. Re5 Nd7 16. Re3 c5 17. Bd3 h6 18. Be4 Rac8 19. b5 Rc7 20. h4 Rd8 21.
Rhe1 Kh8 22. Bc6 Nf8 23. Ne5 Bf5 24. Qe2 Be6 25. g4 Qf4 26. Kb1 Qa4 27. g5 Bf5+
28. Kb2 Be6 29. Ka1 a6 30. gxh6 gxh6 31. Re4 Qa3 32. Re3 axb5 33. c4 Qa7 34.
Bxb5 Ra8 35. Qb2 Kh7 36. Rg3 f5 37. Nc6 Rxc6 38. Bxc6 Bxc4 39. Bxa8 1-0

[Event "I Memorial Oliver Gonzalez Somoza"]
[Site "Madrid ESP"]
[Date "2010.10.14"]
[Round "6.45"]
[White "Galan Aguado, Fernando"]
[Black "Lopez De Turiso Sanchez, Jose A"]
[Result "0-1"]
[WhiteElo "1823"]
[BlackElo "2097"]
[PlyCount "104"]
[EventDate "2010.10.09"]
[EventType "swiss"]
[EventRounds "9"]
[EventCountry "ESP"]
[Source "lmi"]
[SourceDate "2010.10.09"]

1. d4 d6 2. Nf3 g6 3. Bf4 Bg7 4. h3 Nd7 5. c3 e5 6. dxe5 dxe5 7. Bg5 f6 8. Bh4
Nh6 9. Bg3 Nf5 10. Bh2 O-O 11. Nbd2 Qe7 12. e3 Nb6 13. Qc2 Be6 14. Be2 Rad8 15.
O-O h5 16. Rad1 Kf7 17. Ne4 Bh6 18. Rxd8 Rxd8 19. g4 hxg4 20. hxg4 Nd6 21.
Nxd6+ cxd6 22. Nh4 Rg8 23. Ng2 f5 24. f4 e4 25. g5 Bg7 26. Bg3 Qd7 27. Kf2 Qa4
28. b3 Qc6 29. c4 d5 30. Rc1 dxc4 31. bxc4 Rc8 32. c5 Nd7 33. Qb1 Nxc5 34. Ne1
a6 35. Kg1 b5 36. Qb4 Qb6 37. a4 Nxa4 38. Rxc8 Bxc8 39. Bf2 Bc3 40. Qb1 Be6 41.
Nc2 b4 42. Nd4 Bd5 43. Nxf5 gxf5 44. Bh5+ Kg7 45. Qd1 Qc6 46. Be8 Qxe8 47. Qxd5
Qf7 48. Qc6 Nb2 49. Qxa6 Nd3 50. Qh6+ Kg8 51. Bh4 Bg7 52. Qb6 Kh7 0-1

[Event "I Memorial Oliver Gonzalez Somoza"]
[Site "Madrid ESP"]
[Date "2010.10.14"]
[Round "6.46"]
[White "Minondo Torres, Alvaro"]
[Black "Dominguez Carmona, Miguel"]
[Result "1/2-1/2"]
[WhiteElo "1839"]
[BlackElo "2066"]
[PlyCount "59"]
[EventDate "2010.10.09"]
[EventType "swiss"]
[EventRounds "9"]
[EventCountry "ESP"]
[Source "lmi"]
[SourceDate "2010.10.09"]

1. d4 d5 2. Nf3 Nf6 3. Bf4 Bf5 4. Nc3 e6 5. a3 c6 6. e3 Nbd7 7. Nh4 Bg4 8. Nf3
Ne4 9. Nxe4 dxe4 10. h3 Bh5 11. g4 exf3 12. gxh5 Qa5+ 13. c3 Qxh5 14. Rg1 f6
15. Bg2 e5 16. dxe5 fxe5 17. Bxf3 Qf7 18. Bg3 O-O-O 19. Bg4 h5 20. Qf3 Qxf3 21.
Bxf3 g5 22. O-O-O Be7 23. Rd2 Nc5 24. Rxd8+ Bxd8 25. Kc2 e4 26. Be2 b5 27. b4
Ne6 28. Rd1 Bc7 29. c4 a6 30. c5 1/2-1/2

[Event "I Memorial Oliver Gonzalez Somoza"]
[Site "Madrid ESP"]
[Date "2010.10.14"]
[Round "6.47"]
[White "Morona Minguez, Irene"]
[Black "Madurga Lopez, Ignacio"]
[Result "0-1"]
[WhiteElo "1815"]
[BlackElo "2010"]
[PlyCount "62"]
[EventDate "2010.10.09"]
[EventType "swiss"]
[EventRounds "9"]
[EventCountry "ESP"]
[Source "lmi"]
[SourceDate "2010.10.09"]

1. e4 c5 2. Nf3 d6 3. d4 cxd4 4. Nxd4 Nf6 5. Nc3 e5 6. Ndb5 a6 7. Na3 b5 8. Nd5
Nxe4 9. Qf3 Nc5 10. Bg5 Qxg5 11. Nc7+ Kd8 12. Nxa8 Bb7 13. Qxf7 Be7 14. h4 Qg4
15. Be2 Qb4+ 16. c3 Qxb2 17. O-O Bxa8 18. Qxg7 Rf8 19. Nxb5 Qxe2 20. Nxd6 Bxd6
21. Rad1 Nd3 22. Qxh7 Be4 23. Qh6 Nd7 24. Rd2 Qg4 25. f3 Rxf3 26. Rxf3 Bxf3 27.
Qxd6 Be4 28. Qxa6 Qg3 29. Re2 Nf4 30. Qa5+ Ke8 31. Rf2 Nh3+ 0-1

[Event "I Memorial Oliver Gonzalez Somoza"]
[Site "Madrid ESP"]
[Date "2010.10.14"]
[Round "6.48"]
[White "Garcia Martin, Juan Manuel"]
[Black "Gomez Fernandez, Jesus"]
[Result "1-0"]
[WhiteElo "2009"]
[BlackElo "1796"]
[PlyCount "79"]
[EventDate "2010.10.09"]
[EventType "swiss"]
[EventRounds "9"]
[EventCountry "ESP"]
[Source "lmi"]
[SourceDate "2010.10.09"]

1. d4 Nf6 2. Bf4 g6 3. Nf3 Bg7 4. e3 d6 5. c3 O-O 6. Be2 Bg4 7. h3 Bxf3 8. Bxf3
c6 9. O-O Nbd7 10. Nd2 Nb6 11. Qc2 Nfd5 12. Bg3 f5 13. Rae1 e5 14. Bxd5+ cxd5
15. f4 e4 16. a4 Rc8 17. Qb3 Qd7 18. Ra1 Nc4 19. Nxc4 dxc4 20. Qd1 d5 21. a5
Bf6 22. b4 cxb3 23. Qxb3 Rc4 24. Rfc1 Rfc8 25. Be1 g5 26. g3 gxf4 27. gxf4 Kh8
28. Bf2 Rg8+ 29. Kh2 Bd8 30. Rg1 Rxg1 31. Rxg1 Bxa5 32. Qa3 Bb4 33. cxb4 a6 34.
b5 Rc8 35. bxa6 bxa6 36. Qxa6 Rc6 37. Qa3 Rc8 38. Bh4 Qf7 39. Qa6 Rf8 40. Qd6
1-0

[Event "I Memorial Oliver Gonzalez Somoza"]
[Site "Madrid ESP"]
[Date "2010.10.14"]
[Round "6.49"]
[White "Illan Gomez, Miguel"]
[Black "Sanchez Millan, Eduardo"]
[Result "0-1"]
[WhiteElo "1804"]
[BlackElo "2000"]
[PlyCount "46"]
[EventDate "2010.10.09"]
[EventType "swiss"]
[EventRounds "9"]
[EventCountry "ESP"]
[Source "lmi"]
[SourceDate "2010.10.09"]

1. d4 Nf6 2. c4 e6 3. Nc3 c5 4. Nf3 cxd4 5. Qxd4 Nc6 6. Qd1 d5 7. cxd5 exd5 8.
e3 Bd6 9. Bd3 Bg4 10. O-O Ne5 11. Be2 Ng6 12. Bb5+ Kf8 13. Be2 h5 14. h3 Bb8
15. e4 Bxf3 16. Bxf3 Qd6 17. g3 h4 18. e5 Nxe5 19. Bxd5 hxg3 20. fxg3 Rxh3 21.
Kg2 Rh2+ 22. Kg1 Neg4 23. Bf4 Qb6+ 0-1

[Event "I Memorial Oliver Gonzalez Somoza"]
[Site "Madrid ESP"]
[Date "2010.10.14"]
[Round "6.50"]
[White "Baeza Escudero, Javier"]
[Black "De La Orden Alcocer, Alejandro"]
[Result "1-0"]
[WhiteElo "1986"]
[BlackElo "1798"]
[PlyCount "103"]
[EventDate "2010.10.09"]
[EventType "swiss"]
[EventRounds "9"]
[EventCountry "ESP"]
[Source "lmi"]
[SourceDate "2010.10.09"]

1. e4 Nf6 2. e5 Nd5 3. d4 d6 4. Nf3 dxe5 5. Nxe5 c6 6. Qf3 Be6 7. Bd2 f6 8. Nd3
Nd7 9. b3 g6 10. c4 Nc7 11. Nc3 Bg7 12. Be2 O-O 13. h4 Bf7 14. h5 gxh5 15.
O-O-O e5 16. dxe5 Nxe5 17. Qg3 Bg6 18. Nf4 Qe7 19. Nxg6 hxg6 20. f4 Ng4 21. f5
Qe5 22. Qxe5 fxe5 23. Bxg4 hxg4 24. fxg6 Rf6 25. Be3 Rxg6 26. Rd7 Ne6 27. Rxb7
g3 28. Ne4 Nf4 29. Bxa7 Nxg2 30. Rg1 Nf4 31. Kc2 Ne2 32. Rg2 Nf4 33. Rxg3 Rxg3
34. Nxg3 Ne6 35. a4 Ng5 36. a5 Bf8 37. a6 c5 38. Nh5 Nf7 39. Nf6+ Kg7 40. Nd5
e4 41. Nc7 Rc8 42. Ne6+ Kf6 43. Nxf8 Ne5 44. Nd7+ Nxd7 45. Rxd7 Rc6 46. Rd5
Rxa6 47. Bxc5 Ra2+ 48. Kb1 Rh2 49. Bd4+ Kf7 50. Re5 Rh3 51. Kc2 Rh2+ 52. Kc3
1-0

[Event "I Memorial Oliver Gonzalez Somoza"]
[Site "Madrid ESP"]
[Date "2010.10.14"]
[Round "6.52"]
[White "Camarero Izquierdo, Juan Carlos"]
[Black "Tolosana Esteban, Enrique"]
[Result "1-0"]
[WhiteElo "1941"]
[BlackElo "1772"]
[PlyCount "157"]
[EventDate "2010.10.09"]
[EventType "swiss"]
[EventRounds "9"]
[EventCountry "ESP"]
[Source "lmi"]
[SourceDate "2010.10.09"]

1. e4 Nc6 2. d4 d5 3. e5 Bf5 4. f4 e6 5. Nf3 h5 6. c3 Nh6 7. Be3 Be7 8. Qb3 Rb8
9. Bb5 Qd7 10. Nbd2 a6 11. Bxc6 Qxc6 12. Ng5 O-O 13. Ndf3 b5 14. Rc1 f6 15.
exf6 gxf6 16. Nh3 Bxh3 17. gxh3 Nf5 18. Rg1+ Kf7 19. Qd1 Rh8 20. Qd3 Rbg8 21.
Kd2 Qc4 22. Qc2 Nd6 23. b3 Qc6 24. Kd3 Ne4 25. Rxg8 Rxg8 26. Rg1 Rxg1 27. Bxg1
a5 28. Bf2 Qa6 29. Ke3 c5 30. Be1 Bd6 31. Nh4 f5 32. Qg2 cxd4+ 33. cxd4 Qc6 34.
Qg6+ Kf8 35. Qh6+ Kg8 36. Qxe6+ Kh8 37. Qh6+ Kg8 38. Qg6+ Kh8 39. Qxh5+ Kg8 40.
Qg6+ Kh8 41. Qh6+ Kg8 42. Qe6+ Kh8 43. Qh6+ Kg8 44. Qg6+ Kh8 45. Qh5+ Kg8 46.
Qd1 Qe8 47. Kd3 b4 48. Nxf5 Nf2+ 49. Bxf2 Qe4+ 50. Kd2 Bxf4+ 51. Be3 Qxf5 52.
Qg4+ Qxg4 53. hxg4 Bxh2 54. Bg5 Bc7 55. Ke3 Kf7 56. Bf4 Bd8 57. Be5 Kg6 58. Kf4
Bb6 59. Bh8 Bc7+ 60. Be5 Bb6 61. g5 Bd8 62. Bd6 Bxg5+ 63. Ke5 Kf7 64. Bc7 a4
65. Bd6 Bd2 66. Kxd5 axb3 67. axb3 Ke8 68. Kc4 Kd7 69. Bxb4 Bf4 70. d5 Kc7 71.
Bc5 Kb7 72. b4 Bd2 73. b5 Ba5 74. d6 Be1 75. Kd5 Kc8 76. Ke6 Ba5 77. b6 Kd8 78.
b7 Bc7 79. Bb6 1-0